Kraje z największym odsetkiem osób mieszkających w stolicy - Statystyki

Ogólne statystyki
  • Ten quiz został rozwiązany 162 razy
  • Średni wynik to 18 z 26
Statystyki odpowiedzi
% Kraj % Poprawnych
31 Finlandia
78%
46 Łotwa
78%
82 Luksemburg
78%
26 Litwa
77%
29 Norwegia
77%
43 Estonia
76%
64 Islandia
75%
35 Dania
71%
35 Grecja
71%
26 Serbia
70%
25 Czechy
68%
27 Słowenia
68%
24 Belgia
67%
32 Austria
66%
82 Malta
66%
33 Węgry
66%
30 Chorwacja
65%
32 Kosowo
65%
30 Macedonia Północna
65%
29 Portugalia
65%
26 Białoruś
64%
40 Irlandia
64%
24 Bułgaria
63%
32 Albania
62%
32 Czarnogóra
60%
29 Cypr
57%
Nie znaleziono quizów pasujących do podanych kryteriów
Rozkład punktacji
Procent ludzi z każdym wynikiem
Percentyl według liczby udzielonych odpowiedzi
Twoja historia wyników
Nie rozwiązałeś tego quizu